| 000 | 00586nam a22001457a 4500 | ||
|---|---|---|---|
| 020 | _a812740224-9 | ||
| 082 |
_a823 _bBER/R |
||
| 100 | _aBERK, TOMS | ||
| 245 | _aROBIN HOOD | ||
| 260 |
_aKOTTAYAM _bAVANTY PUBLICATIONS _c2015 |
||
| 300 | _a94 | ||
| 520 | _aAfter an 18-year-old Robin Hood accidentally kills a stranger to avenge his father, he runs off into the Sherwood Forest to begin life as an outlaw. He surrounds himself with other young outlaws, referred to as his 'Merry Men,' and together they fight against the injustice of rich people. | ||
| 650 | _aSHORT STORY | ||
| 942 | _cBK | ||
| 999 |
_c6750 _d6750 |
||